[Event "XIV Festival A"]
[Site "Porto San Giorgio ITA"]
[Date "2002.08.28"]
[Round "9"]
[White "Ori, Marco"]
[Black "Dragojlovic, Andjelko"]
[Result "1-0"]
[WhiteElo "2053"]
[BlackElo "2351"]
[PlyCount "35"]
[EventDate "2002.08.20"]

1. e4 c5 2. Nf3 g6 3. d4 cxd4 4. Nxd4 Bg7 5. Nc3 Nc6 6. Be3 Nf6 7. f3 O-O 8.
Qd2 d5 9. exd5 Nxd5 10. Nxc6 bxc6 11. Bd4 Bf5 12. Bxg7 Kxg7 13. g4 Be6 14.
O-O-O Rb8 15. h4 f5 16. h5 f4 17. Nxd5 Bxd5 18. c4 1-0

[Event "XIV Festival A"]
[Site "Porto San Giorgio ITA"]
[Date "2002.08.28"]
[Round "9"]
[White "Pietrobon, Fabio"]
[Black "Bukal, Vladimir jr"]
[Result "0-1"]
[WhiteElo "2217"]
[BlackElo "2405"]
[PlyCount "62"]
[EventDate "2002.08.20"]

1. d4 d5 2. Nf3 Nc6 3. Bf4 Bg4 4. Nbd2 e6 5. c3 Nge7 6. e3 Ng6 7. Qa4 a6 8. Bd3
Bd6 9. Bg3 O-O 10. O-O f5 11. Bxd6 cxd6 12. Ne1 f4 13. Bxg6 hxg6 14. Nef3 g5
15. c4 Bxf3 16. gxf3 dxc4 17. Qxc4 d5 18. Qd3 Qf6 19. Kh1 Kf7 20. Rg1 Rh8 21.
Rg2 Rh3 22. Qb3 Rah8 23. Qxb7+ Ne7 24. Kg1 Qh6 25. Kf1 fxe3 26. fxe3 Rxh2 27.
Rxh2 Qxh2 28. Ke1 Qg1+ 29. Nf1 Rh2 30. Qxa6 Qf2+ 31. Kd1 Rh1 0-1

[Event "XIV Festival A"]
[Site "Porto San Giorgio ITA"]
[Date "2002.08.28"]
[Round "9"]
[White "Rigo, Janos"]
[Black "Zaja, Ivan"]
[Result "1-0"]
[WhiteElo "2303"]
[BlackElo "2459"]
[PlyCount "65"]
[EventDate "2002.08.20"]

1. e4 e6 2. d4 d5 3. Nc3 Bb4 4. e5 b6 5. a3 Bf8 6. Nf3 Ba6 7. Bxa6 Nxa6 8. Qd3
Nb8 9. Ne2 Qd7 10. O-O c5 11. c4 Ne7 12. Nf4 cxd4 13. Nxd4 dxc4 14. Qxc4 Nec6
15. Nf3 g6 16. Bd2 Bg7 17. Rfd1 Qb7 18. Nxe6 fxe6 19. Qxe6+ Ne7 20. Bb4 Nbc6
21. Bxe7 Nxe7 22. Ng5 Rf8 23. Nxh7 Qc8 24. Nxf8 Kxf8 25. Rd7 Qc5 26. Rad1 Re8
27. Re1 Qc2 28. h3 Qf5 29. Qd6 Bh6 30. Rxa7 Bg5 31. Rb7 Kg7 32. Qd7 Qf8 33. Qg4
1-0

[Event "XIV Festival A"]
[Site "Porto San Giorgio ITA"]
[Date "2002.08.28"]
[Round "9"]
[White "Roeder, Matthias"]
[Black "Bruno, Fabio"]
[Result "0-1"]
[WhiteElo "2485"]
[BlackElo "2296"]
[PlyCount "81"]
[EventDate "2002.08.20"]

1. d4 d5 2. c4 c6 3. Nf3 Nf6 4. e3 e6 5. Bd3 Nbd7 6. O-O dxc4 7. Bxc4 Bd6 8. a3
O-O 9. Nc3 Qe7 10. h3 b5 11. Bd3 a6 12. Ng5 c5 13. Nge4 Bb8 14. b4 c4 15. Bc2
Bb7 16. Nxf6+ Nxf6 17. f4 Nd5 18. Nxd5 exd5 19. Qh5 g6 20. Qf3 a5 21. bxa5 Rxa5
22. Rb1 Bc6 23. Bd2 Rxa3 24. f5 Re8 25. Qg4 Qd6 26. Rf4 Raxe3 27. Rbf1 Bd7 28.
Bxe3 Rxe3 29. Qh4 gxf5 30. Qg5+ Kh8 31. Bxf5 f6 32. Qh5 Bxf5 33. Qxf5 Re6 34.
Qh5 b4 35. Qh4 b3 36. Qh6 b2 37. Rg4 Qe7 38. Qd2 Re2 39. Qa5 Qc7 40. Rg8+ Kxg8
41. Qxd5+ 0-1

[Event "XIV Festival A"]
[Site "Porto San Giorgio ITA"]
[Date "2002.08.28"]
[Round "9"]
[White "Satta, Vladimiro"]
[Black "Aleksic, Nenad"]
[Result "0-1"]
[WhiteElo "2218"]
[BlackElo "2393"]
[PlyCount "70"]
[EventDate "2002.08.20"]

1. e4 c5 2. Nc3 a6 3. g3 b5 4. Bg2 Bb7 5. d3 e6 6. Nf3 d6 7. O-O Nd7 8. Qe2 Be7
9. a3 Qc7 10. Be3 Ngf6 11. Nh4 O-O 12. f4 d5 13. Bf2 b4 14. axb4 cxb4 15. Na4
dxe4 16. dxe4 Rac8 17. Rfc1 Nc5 18. e5 Nd5 19. Bxd5 Bxd5 20. Nxc5 Bxc5 21. Bxc5
Qxc5+ 22. Qf2 Qb5 23. Nf3 Bb7 24. Ne1 f6 25. exf6 Rxf6 26. h4 e5 27. Nd3 exf4
28. Nxf4 Rcf8 29. c4 Rxf4 30. gxf4 Qc6 31. Kf1 Qe4 32. Re1 Qxc4+ 33. Kg1 Rxf4
34. Qe3 Rg4+ 35. Kh2 Rxh4+ 0-1

[Event "XIV Festival A"]
[Site "Porto San Giorgio ITA"]
[Date "2002.08.28"]
[Round "9"]
[White "Sax, Gyula"]
[Black "Palac, Mladen"]
[Result "1/2-1/2"]
[WhiteElo "2518"]
[BlackElo "2564"]
[PlyCount "26"]
[EventDate "2002.08.20"]

1. e4 c5 2. Nf3 d6 3. d4 cxd4 4. Nxd4 Nf6 5. Nc3 a6 6. Be3 e5 7. Nb3 Be6 8. Qd2
Be7 9. f3 O-O 10. O-O-O Nbd7 11. g4 b5 12. Kb1 Nb6 13. Qf2 Rb8 1/2-1/2

[Event "XIV Festival A"]
[Site "Porto San Giorgio ITA"]
[Date "2002.08.28"]
[Round "9"]
[White "Shytaj, Luca"]
[Black "Naumkin, Igor"]
[Result "1/2-1/2"]
[WhiteElo "2216"]
[BlackElo "2436"]
[PlyCount "55"]
[EventDate "2002.08.20"]

1. e4 e5 2. f4 exf4 3. Nf3 d5 4. exd5 Nf6 5. c4 c6 6. d4 Bb4+ 7. Nc3 cxd5 8.
Bd3 Be6 9. c5 O-O 10. O-O b6 11. cxb6 Qxb6 12. Bxf4 Nc6 13. Na4 Qd8 14. Rc1 Bd6
15. Bg5 Rc8 16. Rxc6 Rxc6 17. Ne5 Rc7 18. Rxf6 Be7 19. Qh5 g6 20. Nxg6 fxg6 21.
Rxg6+ Kh8 22. Rg7 Rf1+ 23. Kxf1 Kxg7 24. Bh6+ Kh8 25. Qe5+ Bf6 26. Qxe6 Bxd4
27. Be3 Qh4 28. g3 1/2-1/2

[Event "XIV Festival A"]
[Site "Porto San Giorgio ITA"]
[Date "2002.08.28"]
[Round "9"]
[White "Todorov, Ognjan"]
[Black "Pacilli, Emanuele"]
[Result "1/2-1/2"]
[WhiteElo "2376"]
[BlackElo "2142"]
[PlyCount "60"]
[EventDate "2002.08.20"]

1. d4 Nf6 2. Nf3 g6 3. c4 Bg7 4. g3 O-O 5. Bg2 d6 6. O-O Nbd7 7. Nc3 e5 8. e4
c6 9. b3 Qc7 10. h3 Re8 11. Re1 h6 12. Be3 Kh7 13. Qc2 d5 14. exd5 cxd5 15.
dxe5 Nxe5 16. Nxe5 Rxe5 17. Bf4 Rxe1+ 18. Rxe1 Qa5 19. Re7 Qb4 20. Rxf7 Be6 21.
Rc7 Ne8 22. a3 Qxa3 23. Rxb7 dxc4 24. bxc4 Rc8 25. Nd5 Bf5 26. Be4 Bxe4 27.
Qxe4 Qa6 28. Qe7 Rxc4 29. Be5 Rc1+ 30. Kh2 Rh1+ 1/2-1/2

[Event "XIV Festival A"]
[Site "Porto San Giorgio ITA"]
[Date "2002.08.28"]
[Round "9"]
[White "Tomescu, Vlad"]
[Black "Lazarev, Vladimir"]
[Result "1/2-1/2"]
[WhiteElo "2438"]
[BlackElo "2458"]
[PlyCount "30"]
[EventDate "2002.08.20"]

1. e4 e6 2. d4 d5 3. exd5 exd5 4. Bd3 Bd6 5. Nf3 Qe7+ 6. Qe2 Qxe2+ 7. Kxe2 Ne7
8. Re1 Bf5 9. Bg5 f6 10. Bh4 Nd7 11. Bg3 Bxg3 12. hxg3 Kf7 13. Bxf5 Nxf5 14.
Kd3 h5 15. Nbd2 Nd6 1/2-1/2

[Event "XIV Festival A"]
[Site "Porto San Giorgio ITA"]
[Date "2002.08.28"]
[Round "9"]
[White "Zufic, Miroslav"]
[Black "Sebastianelli, Dario"]
[Result "1-0"]
[WhiteElo "2349"]
[BlackElo "2221"]
[PlyCount "57"]
[EventDate "2002.08.20"]

1. e4 d5 2. exd5 Qxd5 3. Nc3 Qa5 4. d4 Nf6 5. Nf3 c6 6. Bc4 Bf5 7. Bd2 e6 8.
Qe2 Bb4 9. O-O-O Nbd7 10. a3 Bxc3 11. Bxc3 Qc7 12. Ne5 Nxe5 13. dxe5 Nd5 14.
Bd2 O-O-O 15. g4 Bg6 16. f4 h5 17. h3 Ne7 18. Rhf1 Kb8 19. f5 exf5 20. e6 Ka8
21. Bf4 Rxd1+ 22. Qxd1 Qc8 23. Qd6 Nd5 24. gxf5 Bxf5 25. exf7 Rf8 26. Be5 g6
27. Bxd5 cxd5 28. Rxf5 gxf5 29. Qe7 1-0

[Event "VII Festival A"]
[Site "Nereto ITA"]
[Date "2002.08.11"]
[Round "1"]
[White "Fercec, Nenad"]
[Black "Shytaj, Carlo"]
[Result "1-0"]
[WhiteElo "2494"]
[BlackElo "2112"]
[PlyCount "57"]
[EventDate "2002.08.11"]

1. e4 d6 2. d4 Nf6 3. Nc3 g6 4. Be3 c6 5. h3 Nbd7 6. Nf3 e5 7. a4 Qe7 8. Be2
Bg7 9. dxe5 dxe5 10. Nd2 Nc5 11. a5 Ne6 12. Nc4 O-O 13. Qd6 Qxd6 14. Nxd6 Nd4
15. Bd3 Rd8 16. Nxc8 Raxc8 17. O-O Ne8 18. b4 Nd6 19. Na4 f5 20. f3 f4 21. Bf2
Kf7 22. c3 N4b5 23. Bc2 Ke7 24. Bb3 Bf6 25. Rfd1 g5 26. Bc5 h5 27. Rd3 Rb8 28.
Rad1 Ra8 29. Bc4 1-0

[Event "VII Festival A"]
[Site "Nereto ITA"]
[Date "2002.08.11"]
[Round "1"]
[White "Ruggeri, Pietro"]
[Black "Laketic, Gojko"]
[Result "0-1"]
[WhiteElo "2106"]
[BlackElo "2448"]
[PlyCount "76"]
[EventDate "2002.08.11"]

1. d4 Nf6 2. Bg5 e6 3. e4 h6 4. Bxf6 Qxf6 5. c3 d6 6. Nd2 Nd7 7. Bd3 e5 8. Ne2
Qd8 9. O-O Be7 10. Ng3 Bf6 11. Nf3 g6 12. Re1 Qe7 13. Qe2 Nf8 14. d5 Nh7 15.
Bb5+ Kf8 16. c4 Ng5 17. Nxg5 hxg5 18. Nf1 Kg7 19. Ne3 Qd8 20. Rac1 Be7 21. b4
a5 22. a3 Rh4 23. f3 g4 24. g3 gxf3 25. Qxf3 Rh8 26. Rf1 Rf8 27. c5 axb4 28.
axb4 dxc5 29. bxc5 Ra5 30. Qe2 c6 31. dxc6 bxc6 32. Bxc6 Ba6 33. Nc4 Qd4+ 34.
Kg2 Rxc5 35. Bd5 Rxd5 36. exd5 Qxd5+ 37. Qf3 Bxc4 38. Rfe1 Qe6 0-1

[Event "VII Festival A"]
[Site "Nereto ITA"]
[Date "2002.08.11"]
[Round "1"]
[White "Zufic, Miroslav"]
[Black "Fraser-Mitchell, Jeremy N."]
[Result "1-0"]
[WhiteElo "2349"]
[BlackElo "2078"]
[PlyCount "31"]
[EventDate "2002.08.11"]

1. e4 e6 2. d4 d5 3. Nc3 Bb4 4. e5 c5 5. a3 Bxc3+ 6. bxc3 Qc7 7. Qg4 f6 8. Bb5+
Kf8 9. Nf3 c4 10. a4 Qf7 11. Ba3+ Ne7 12. a5 Qg6 13. exf6 gxf6 14. Qf4 Nbc6 15.
Bxc6 bxc6 16. Ne5 1-0

[Event "VII Festival A"]
[Site "Nereto ITA"]
[Date "2002.08.12"]
[Round "2"]
[White "Aldrovandi, Costantino"]
[Black "Suppa, Ercole"]
[Result "1-0"]
[WhiteElo "2414"]
[BlackElo "2124"]
[PlyCount "65"]
[EventDate "2002.08.11"]

1. c4 Nf6 2. g3 c6 3. Bg2 d5 4. Nf3 Bg4 5. Ne5 e6 6. cxd5 exd5 7. Nxg4 Nxg4 8.
e4 Nf6 9. e5 Nfd7 10. d4 Be7 11. Qg4 Kf8 12. O-O h5 13. Qe2 Na6 14. h4 Nc7 15.
Be3 Ne6 16. Nc3 g6 17. f4 f5 18. exf6 Bxf6 19. Qd3 Kg7 20. f5 Nef8 21. fxg6 Qb6
22. Bh3 Re8 23. Rf2 Ne6 24. Raf1 Qd8 25. Kg2 Re7 26. Ne2 Qe8 27. Bf5 Ndf8 28.
Bd2 b6 29. Bxe6 Rxe6 30. Nf4 Re4 31. Qf3 Bxd4 32. Nxh5+ Rxh5 33. Qxh5 1-0

[Event "VII Festival A"]
[Site "Nereto ITA"]
[Date "2002.08.12"]
[Round "2"]
[White "D'Innocente, Stefano"]
[Black "Fercec, Nenad"]
[Result "0-1"]
[WhiteElo "2225"]
[BlackElo "2494"]
[PlyCount "62"]
[EventDate "2002.08.11"]

1. e4 c5 2. Nf3 d6 3. d4 cxd4 4. Nxd4 Nf6 5. Nc3 a6 6. Bg5 e6 7. f4 Nbd7 8. Qf3
Qc7 9. O-O-O b5 10. e5 Bb7 11. Qh3 dxe5 12. Nxe6 fxe6 13. Qxe6+ Be7 14. Bxb5
axb5 15. Nxb5 Qb6 16. Nd6+ Kd8 17. Bxf6 Bxf6 18. Nf7+ Kc8 19. Qxd7+ Kb8 20.
Qd6+ Qxd6 21. Rxd6 Rf8 22. Nxe5 Bxe5 23. fxe5 Rxa2 24. Kb1 Ra5 25. Rd7 Rxe5 26.
Rxg7 Be4 27. Rd1 Rc8 28. Rd4 Bxc2+ 29. Kc1 Re1+ 30. Kd2 Rd1+ 31. Ke3 Re8+ 0-1

[Event "VII Festival A"]
[Site "Nereto ITA"]
[Date "2002.08.12"]
[Round "2"]
[White "Efimov, Igor"]
[Black "Sabia, Corrado"]
[Result "1-0"]
[WhiteElo "2463"]
[BlackElo "2150"]
[PlyCount "59"]
[EventDate "2002.08.11"]

1. d4 d5 2. c4 c6 3. Nf3 Nf6 4. Qc2 dxc4 5. Qxc4 Bf5 6. Nc3 e6 7. Bg5 Be7 8.
Bxf6 Bxf6 9. e4 Bg6 10. h4 h6 11. O-O-O b5 12. Qe2 Qa5 13. Nd2 Nd7 14. Rh3 Qc7
15. e5 Be7 16. h5 Bf5 17. g4 Bh7 18. f4 Nb6 19. Bg2 Rd8 20. Nb3 b4 21. Ne4 Nd5
22. Qf2 a5 23. f5 Qc8 24. Rf1 O-O 25. f6 gxf6 26. exf6 Bd6 27. Nxd6 Rxd6 28.
Nc5 Rdd8 29. Qd2 Kh8 30. Qxh6 1-0

[Event "VII Festival A"]
[Site "Nereto ITA"]
[Date "2002.08.12"]
[Round "2"]
[White "Pacilli, Emanuele"]
[Black "Lazarev, Vladimir"]
[Result "0-1"]
[WhiteElo "2142"]
[BlackElo "2458"]
[PlyCount "61"]
[EventDate "2002.08.11"]

1. e4 c5 2. d4 cxd4 3. c3 Nf6 4. e5 Nd5 5. Bc4 Qc7 6. Qe2 Nb6 7. Bb3 Nc6 8. f4
d5 9. Nf3 Bg4 10. Na3 a6 11. h3 Bxf3 12. Qxf3 e6 13. Nc2 dxc3 14. O-O cxb2 15.
Bxb2 Bc5+ 16. Kh1 O-O 17. Rae1 Nc4 18. Bxc4 dxc4 19. f5 exf5 20. e6 fxe6 21.
Rxe6 Rf7 22. Qc3 b5 23. Qf3 Rc8 24. Rfe1 Qd7 25. Qf4 Bf8 26. Qg5 f4 27. h4 f3
28. gxf3 Rxf3 29. h5 Qf7 30. Qd5 Rf5 31. Qf3 0-1

[Event "VII Festival A"]
[Site "Nereto ITA"]
[Date "2002.08.12"]
[Round "2"]
[White "Scivales, Daniel"]
[Black "Zufic, Miroslav"]
[Result "0-1"]
[WhiteElo "1916"]
[BlackElo "2349"]
[PlyCount "74"]
[EventDate "2002.08.11"]

1. d4 Nf6 2. Nf3 g6 3. b3 Bg7 4. Bb2 O-O 5. e3 d6 6. Be2 e5 7. O-O e4 8. Nfd2
Re8 9. c4 h5 10. Nc3 Bf5 11. b4 Nbd7 12. Re1 Ng4 13. Bxg4 hxg4 14. Qc2 Qh4 15.
g3 Qh5 16. b5 Nf8 17. Kh1 Ne6 18. Rg1 Ng5 19. Nd5 Nf3 20. Nxf3 exf3 21. Qa4 Kh7
22. h4 g5 23. Kh2 Re6 24. Rh1 Rh6 25. Kg1 gxh4 26. Rxh4 Qg5 27. Rxh6+ Qxh6 28.
b6 Be4 29. Nf4 Rh8 30. Qd7 axb6 31. Qxg4 f5 32. Qh4 Qxh4 33. gxh4 Bh6 34. Ne6
Rg8+ 35. Kf1 Rg2 36. Ng5+ Kg6 37. Nxe4 fxe4 0-1

[Event "VII Festival A"]
[Site "Nereto ITA"]
[Date "2002.08.13"]
[Round "3"]
[White "Lazarev, Vladimir"]
[Black "Profumo, Alberto"]
[Result "1-0"]
[WhiteElo "2458"]
[BlackElo "2253"]
[PlyCount "83"]
[EventDate "2002.08.11"]

1. d4 Nf6 2. c4 g6 3. Nc3 Bg7 4. e4 d6 5. h3 O-O 6. Bg5 c5 7. d5 a6 8. a4 Qa5
9. Bd2 e6 10. Bd3 exd5 11. exd5 Qc7 12. Nge2 Nbd7 13. f4 Ne8 14. g4 Qd8 15. O-O
Nc7 16. a5 Rb8 17. Kg2 b5 18. axb6 Nxb6 19. Ng3 Bb7 20. Kh2 Qf6 21. Qc2 Bxd5
22. cxd5 Nbxd5 23. Nxd5 Nxd5 24. b3 Nb4 25. Bxb4 Rxb4 26. Bc4 Qxa1 27. Rxa1
Bxa1 28. Qd1 Bd4 29. Ne2 d5 30. Bxd5 a5 31. Qd3 Rd8 32. Qa6 a4 33. bxa4 Rb2 34.
Bc4 Re8 35. g5 Rc2 36. f5 gxf5 37. g6 Rcxe2+ 38. Bxe2 hxg6 39. Kh1 f4 40. a5 c4
41. Bxc4 f3 42. Qxg6+ 1-0

[Event "VII Festival A"]
[Site "Nereto ITA"]
[Date "2002.08.13"]
[Round "3"]
[White "Safranska, Anda"]
[Black "D'Innocente, Stefano"]
[Result "0-1"]
[WhiteElo "2309"]
[BlackElo "2225"]
[PlyCount "50"]
[EventDate "2002.08.11"]

1. Nf3 d5 2. g3 Nf6 3. Bg2 c6 4. d3 Bf5 5. O-O e6 6. Nbd2 h6 7. Qe1 Be7 8. e4
Bh7 9. Qe2 O-O 10. b3 a5 11. a3 Na6 12. Bb2 Rc8 13. Ne5 b5 14. f4 a4 15. bxa4
Nc5 16. axb5 cxb5 17. Ng4 Na4 18. Bxf6 Bxf6 19. Nxf6+ Qxf6 20. e5 Qe7 21. Nb3
Rc7 22. Nd4 Nc3 23. Qe3 Qc5 24. Rf2 Ra8 25. g4 Ra4 0-1

[Event "VII Festival A"]
[Site "Nereto ITA"]
[Date "2002.08.13"]
[Round "3"]
[White "Shytaj, Luca"]
[Black "Straub, Peter"]
[Result "1-0"]
[WhiteElo "2216"]
[BlackElo "2082"]
[PlyCount "39"]
[EventDate "2002.08.11"]

1. e4 c5 2. Nf3 a6 3. d4 cxd4 4. Nxd4 Nf6 5. Nc3 e5 6. Nf3 Nc6 7. Bg5 Bb4 8.
Bc4 Qa5 9. O-O Bxc3 10. bxc3 Nxe4 11. Re1 Nxc3 12. Qd6 e4 13. Bd2 f5 14. Re3
Qb4 15. Qxb4 Nxb4 16. Rxc3 d5 17. Bb3 Nc6 18. Bxd5 Ne7 19. Bb3 exf3 20. Re1 1-0

[Event "VII Festival A"]
[Site "Nereto ITA"]
[Date "2002.08.13"]
[Round "3"]
[White "Vezzosi, Paolo"]
[Black "Laketic, Gojko"]
[Result "0-1"]
[WhiteElo "2397"]
[BlackElo "2448"]
[PlyCount "94"]
[EventDate "2002.08.11"]

1. e4 d6 2. d4 Nf6 3. Nc3 g6 4. h3 Bg7 5. Be3 O-O 6. g4 e5 7. d5 c6 8. Bg2 cxd5
9. exd5 Ne8 10. Qd2 f5 11. gxf5 Bxf5 12. Nf3 Bf6 13. h4 Nd7 14. h5 Nb6 15. hxg6
Nc4 16. Qe2 Rc8 17. Bh3 hxg6 18. Bxf5 gxf5 19. O-O-O Ng7 20. Nd2 Nxe3 21. Qxe3
e4 22. Rdg1 Bxc3 23. bxc3 Qf6 24. Rh3 Rc7 25. Qxa7 Rxc3 26. Rxc3 Qxc3 27. Qxb7
Rf7 28. Qb8+ Rf8 29. Qb2 Qc7 30. c4 Rf7 31. Qc3 Qb6 32. Rg2 Rc7 33. Qb2 Qa7 34.
Kb1 f4 35. Ka1 f3 36. Rh2 Rb7 37. Nb3 e3 38. fxe3 Qxe3 39. Rh1 f2 40. Qc1 Qe5+
41. Kb1 Qe4+ 42. Kb2 Rb4 43. Rf1 Qe2+ 44. Kb1 Rxc4 45. Qd1 Qe4+ 46. Kb2 Qe5+
47. Kb1 Re4 0-1

[Event "VII Festival A"]
[Site "Nereto ITA"]
[Date "2002.08.13"]
[Round "3"]
[White "Voltolini, Giuseppe"]
[Black "Efimov, Igor"]
[Result "0-1"]
[WhiteElo "2285"]
[BlackElo "2463"]
[PlyCount "36"]
[EventDate "2002.08.11"]

1. e4 c5 2. Nc3 Nc6 3. f4 e6 4. Nf3 Nge7 5. Bb5 Nd4 6. O-O Nec6 7. d3 Be7 8. a4
O-O 9. Nxd4 Nxd4 10. Bc4 b6 11. Rf2 Bb7 12. Qh5 d5 13. Ba2 Bh4 14. g3 Be7 15.
exd5 g6 16. Qd1 exd5 17. Ne2 Bf6 18. c3 Nxe2+ 0-1

[Event "VII Festival A"]
[Site "Nereto ITA"]
[Date "2002.08.14"]
[Round "4"]
[White "Astengo, Marcello"]
[Black "Bruned, Boris"]
[Result "1-0"]
[WhiteElo "2124"]
[BlackElo "2035"]
[PlyCount "55"]
[EventDate "2002.08.11"]

1. d4 Nf6 2. c4 g6 3. d5 Bg7 4. Nc3 d6 5. e4 e5 6. Bg5 O-O 7. Qd2 a5 8. Bd3 Na6
9. Nge2 Qe8 10. O-O Nd7 11. Rae1 f5 12. exf5 gxf5 13. f3 Nf6 14. Be3 Kh8 15.
Kh1 Ng8 16. Bc2 Ne7 17. f4 e4 18. Bd4 Rg8 19. g4 fxg4 20. Nxe4 Nf5 21. Nf6 Bxf6
22. Bxf6+ Rg7 23. Qc3 Kg8 24. Bxf5 Bxf5 25. Ng3 Qg6 26. Nxf5 Rf7 27. Ne7+ Rxe7
28. Rxe7 1-0

[Event "VII Festival A"]
[Site "Nereto ITA"]
[Date "2002.08.14"]
[Round "4"]
[White "Collutiis, Duilio"]
[Black "Fercec, Nenad"]
[Result "0-1"]
[WhiteElo "2308"]
[BlackElo "2494"]
[PlyCount "52"]
[EventDate "2002.08.11"]

1. e4 c5 2. Nc3 e6 3. Nge2 d5 4. exd5 exd5 5. d4 Nc6 6. Be3 cxd4 7. Nxd4 Nf6 8.
Be2 Be7 9. O-O O-O 10. Bf4 Qb6 11. Be3 Qxb2 12. Ndb5 Bf5 13. Nxd5 Nxd5 14. Qxd5
Qxc2 15. Rfc1 Qxe2 16. Qxf5 g6 17. Qd5 Rfd8 18. Nc3 Rxd5 19. Nxe2 Rad8 20. h3
Ra5 21. Rab1 Rd7 22. Rc2 f5 23. Nc3 Bf6 24. Nb5 Kf7 25. Bc5 Be5 26. Be3 Rxb5
0-1

[Event "VII Festival A"]
[Site "Nereto ITA"]
[Date "2002.08.14"]
[Round "4"]
[White "Gambardella, Piero"]
[Black "Sbraccia, Giovanni"]
[Result "0-1"]
[WhiteElo "2045"]
[BlackElo "2130"]
[PlyCount "28"]
[EventDate "2002.08.11"]

1. d4 Nf6 2. c4 c5 3. Nf3 g6 4. g3 Bg7 5. Bg2 O-O 6. O-O cxd4 7. Nxd4 Nc6 8.
Nc3 Nxd4 9. Qxd4 d6 10. e4 Nd7 11. Qd2 Ne5 12. b3 b5 13. f4 b4 14. Bb2 bxc3 0-1

[Event "VII Festival A"]
[Site "Nereto ITA"]
[Date "2002.08.14"]
[Round "4"]
[White "Maupin, Jean-Paul"]
[Black "Della Corte, Alessandro"]
[Result "1-0"]
[WhiteElo "2051"]
[BlackElo "1915"]
[PlyCount "51"]
[EventDate "2002.08.11"]

1. e4 c5 2. Nf3 Nc6 3. Nc3 e6 4. d4 cxd4 5. Nxd4 d6 6. Be3 Nf6 7. f3 Bd7 8. Qd2
a6 9. g4 h6 10. h4 d5 11. exd5 Nxd5 12. Nxd5 exd5 13. O-O-O Be7 14. Qf2 Qc7 15.
Nb3 Be6 16. Bh3 Rc8 17. Kb1 Nb4 18. Rd2 Bf6 19. a3 Nc6 20. f4 d4 21. Nxd4 Nxd4
22. Bxd4 Bxd4 23. Rxd4 O-O 24. f5 Bd7 25. Rhd1 Bc6 26. g5 1-0

[Event "VII Festival A"]
[Site "Nereto ITA"]
[Date "2002.08.14"]
[Round "4"]
[White "Pacilli, Emanuele"]
[Black "Tribuiani, Renato"]
[Result "1-0"]
[WhiteElo "2142"]
[BlackElo "2097"]
[PlyCount "63"]
[EventDate "2002.08.11"]

1. e4 e6 2. d4 c5 3. Nf3 cxd4 4. Nxd4 a6 5. Nc3 Qc7 6. Be3 Nf6 7. a3 b5 8. Bd3
Bb7 9. f3 Nc6 10. Nb3 Ne5 11. O-O Nc4 12. Bxc4 bxc4 13. Nd4 d5 14. exd5 Nxd5
15. Nxd5 Bxd5 16. f4 Qb7 17. Qg4 h5 18. Qg5 f6 19. Qg6+ Qf7 20. Qg3 h4 21. Qh3
f5 22. Nf3 Be7 23. Ne5 Qh5 24. Rad1 Bf6 25. Bc5 Bxe5 26. fxe5 Qe2 27. Rxd5 Qxc2
28. Rd6 Rh6 29. Qf3 Rc8 30. Qb7 Rxc5 31. Rxa6 Rd5 32. Ra7 1-0

[Event "VII Festival A"]
[Site "Nereto ITA"]
[Date "2002.08.14"]
[Round "4"]
[White "Patavia, Antonio"]
[Black "Zufic, Miroslav"]
[Result "0-1"]
[WhiteElo "2099"]
[BlackElo "2349"]
[PlyCount "58"]
[EventDate "2002.08.11"]

1. e4 c5 2. Nf3 d6 3. d4 cxd4 4. Nxd4 Nf6 5. Nc3 a6 6. f3 e5 7. Nb3 Be6 8. Be3
Nbd7 9. Qd2 b5 10. a4 b4 11. Nd5 Bxd5 12. exd5 Nb6 13. Bxb6 Qxb6 14. a5 Qb7 15.
Bc4 Be7 16. Ra4 Rb8 17. Qd3 Qa7 18. Bxa6 O-O 19. Bc4 Nh5 20. g3 f5 21. Kd1 Bg5
22. Qe2 Be3 23. Bb5 f4 24. Qd3 e4 25. fxe4 fxg3 26. hxg3 Nxg3 27. Re1 Bf2 28.
Nd2 Bxe1 29. Kxe1 Qg1+ 0-1

[Event "VII Festival A"]
[Site "Nereto ITA"]
[Date "2002.08.14"]
[Round "4"]
[White "Shytaj, Carlo"]
[Black "Profumo, Alberto"]
[Result "0-1"]
[WhiteElo "2112"]
[BlackElo "2253"]
[PlyCount "52"]
[EventDate "2002.08.11"]

1. e4 c6 2. d4 d5 3. exd5 cxd5 4. Bd3 Nc6 5. c3 g6 6. Bf4 Nh6 7. Nf3 Bg7 8. Qd2
Nf5 9. O-O O-O 10. Re1 Nd6 11. Na3 Bf5 12. Bxf5 Nxf5 13. Re2 Rc8 14. Rae1 e6
15. Bg5 Qc7 16. h4 h5 17. Nh2 Nd6 18. g4 Ne4 19. Qe3 hxg4 20. Nxg4 f5 21. Nh6+
Kh7 22. f3 Ng3 23. Rg2 f4 24. Qd3 Bxh6 25. Rxe6 Qf7 26. Rf6 Qe8 0-1

[Event "VII Festival A"]
[Site "Nereto ITA"]
[Date "2002.08.15"]
[Round "5"]
[White "Bruned, Yvain"]
[Black "Astengo, Marcello"]
[Result "1-0"]
[WhiteElo "2029"]
[BlackElo "2124"]
[PlyCount "49"]
[EventDate "2002.08.11"]

1. e4 e6 2. d4 d5 3. Nc3 Nf6 4. Bg5 Bb4 5. e5 h6 6. Bd2 Bxc3 7. bxc3 Ne4 8. Qg4
Kf8 9. h4 c5 10. Rh3 Nc6 11. Bd3 cxd4 12. Bxe4 h5 13. Qf4 dxe4 14. cxd4 Nxd4
15. Bb4+ Kg8 16. O-O-O Qb6 17. Qxe4 Nf5 18. Nf3 g6 19. g4 hxg4 20. Qxg4 Rh5 21.
Ng5 Qc7 22. Rhd3 Rxg5 23. Rd8+ Kh7 24. hxg5 Ng7 25. Rh1+ 1-0

[Event "VII Festival A"]
[Site "Nereto ITA"]
[Date "2002.08.15"]
[Round "5"]
[White "Maupin, Jean-Paul"]
[Black "Sansonetti, Giorgio"]
[Result "0-1"]
[WhiteElo "2051"]
[BlackElo "2133"]
[PlyCount "74"]
[EventDate "2002.08.11"]

1. e4 c5 2. Nf3 e6 3. d4 cxd4 4. Nxd4 Nc6 5. Nc3 d6 6. Be3 Nge7 7. f3 a6 8. Qd2
Nxd4 9. Qxd4 Nc6 10. Qd2 b5 11. a4 b4 12. Na2 Rb8 13. Nc1 Be7 14. Nb3 O-O 15.
a5 Bf6 16. Ra2 Ne5 17. f4 Bh4+ 18. Kd1 Ng4 19. Bg1 e5 20. g3 Be7 21. h3 Nf6 22.
Bb6 Rxb6 23. axb6 Qxb6 24. Bd3 Nh5 25. f5 Nxg3 26. Re1 Bb7 27. Qe3 Qxe3 28.
Rxe3 Bh4 29. Na5 Ba8 30. Nc4 d5 31. exd5 Bxd5 32. Rxa6 e4 33. Ra5 Rd8 34. Nb6
Bb7 35. Ra7 exd3 36. cxd3 Be4 37. Ra4 Rxd3+ 0-1

[Event "VII Festival A"]
[Site "Nereto ITA"]
[Date "2002.08.15"]
[Round "5"]
[White "Profumo, Alberto"]
[Black "Brunello, Sabino"]
[Result "1-0"]
[WhiteElo "2253"]
[BlackElo "1957"]
[PlyCount "75"]
[EventDate "2002.08.11"]

1. Nf3 d5 2. g3 Nf6 3. Bg2 e6 4. d4 Be7 5. c4 O-O 6. Qc2 a6 7. O-O dxc4 8. Qxc4
b5 9. Qc2 Bb7 10. Bg5 Nbd7 11. Bxf6 Nxf6 12. Nbd2 Rc8 13. Nb3 c5 14. dxc5 Bd5
15. Rfd1 Qc7 16. c6 Qxc6 17. Qxc6 Rxc6 18. Nfd4 Bxg2 19. Kxg2 Rc7 20. a4 b4 21.
Rac1 Rfc8 22. Rxc7 Rxc7 23. Rc1 Rxc1 24. Nxc1 Ne4 25. Nd3 Nc5 26. Nxc5 Bxc5 27.
Nb3 Be7 28. Kf3 Bf6 29. Nc5 Bxb2 30. Nxa6 Bc3 31. Nc5 Bd4 32. Nb3 Ba7 33. e3
Kf8 34. Ke4 Ke7 35. Kd3 Kd6 36. Kc4 Ke5 37. a5 g5 38. Nd4 1-0

[Event "VII Festival A"]
[Site "Nereto ITA"]
[Date "2002.08.15"]
[Round "5"]
[White "Ruggeri, Pietro"]
[Black "Shytaj, Luca"]
[Result "0-1"]
[WhiteElo "2106"]
[BlackElo "2216"]
[PlyCount "80"]
[EventDate "2002.08.11"]

1. d4 Nf6 2. Bg5 Ne4 3. Bf4 c5 4. f3 Qa5+ 5. c3 Nf6 6. d5 Qb6 7. Qd2 Nxd5 8.
Qxd5 Qxb2 9. Qb3 Qxa1 10. e4 Nc6 11. Bc4 e6 12. Qc2 Na5 13. Be2 c4 14. Kd2 b5
15. Bc7 Nc6 16. Nh3 Ba6 17. Rd1 b4 18. Ke1 Bc5 19. e5 b3 20. Qd2 O-O 21. a3 Qa2
22. Qg5 Rac8 23. Bd6 Bxd6 24. exd6 f6 25. Qe3 b2 26. f4 Qb3 27. g4 e5 28. f5
Nd4 29. Kf2 Nb5 30. Kg3 Nxa3 31. Bf3 Nxb1 32. Bd5+ Kh8 33. Rxb1 Bb7 34. Bxb7
Qxb7 35. Nf2 Rc6 36. Ne4 Rb6 37. Kf2 Qd5 38. Nc5 Qxd6 39. Na4 Ra6 40. Nxb2 Qb6
0-1